|
|
|
|
| LEADER |
00000nab a2200000 a 4500 |
| 001 |
vtls000921849 |
| 003 |
SK-MaSNL |
| 005 |
20260303184045.0 |
| 008 |
040720e19990907xo 0 slo |
| 035 |
|
|
|a KE30726
|
| 040 |
|
|
|a KEVKJB
|b slo
|c KEVKJB
|e AACR2
|
| 041 |
0 |
|
|a slo
|
| 044 |
|
|
|a xo
|c SK
|
| 080 |
|
|
|a 378.4
|2 1981
|
| 080 |
|
|
|a 619
|2 1981
|
| 100 |
1 |
|
|a Dulin, Ján
|4 aut
|9 274646
|
| 245 |
1 |
0 |
|a Univerzita s kreditom
|b Jubileum slovenských veterinárov
|
| 610 |
2 |
7 |
|a Univerzita veterinárskeho lekárstva v Košiciach
|2 KEVKJB
|9 30750
|
| 650 |
0 |
7 |
|a oslavy
|2 KEVKJB
|9 484766
|
| 650 |
0 |
7 |
|a výročie vzniku 50.
|2 KEVKJB
|9 878520
|
| 651 |
|
7 |
|a Košice (Slovensko)
|2 KEVKJB
|9 18694
|
| 651 |
|
7 |
|a KE,
|2 KEVKJB
|9 877256
|
| 655 |
|
7 |
|a periodikum
|2 snkbucl
|9 29553
|
| 710 |
2 |
|
|a Univerzita veterinárskeho lekárstva v Košiciach
|4 aut
|9 30750
|
| 773 |
0 |
8 |
|t Pravda
|g Roč. 9, č.206, 7.9.1999, s. 4
|
| 852 |
|
|
|a ZVYKNI
|b KIS3GCP
|
| 999 |
|
|
|c 2124706
|d 2126636
|